| 000 | 00558nam a22001817a 4500 | ||
|---|---|---|---|
| 003 | CEME | ||
| 005 | 20210628203454.0 | ||
| 008 | 210119b xxu||||| |||| 00| 0 eng d | ||
| 020 | _a9788131724156 | ||
| 040 | _cceme | ||
| 082 | _a621.3 RAO | ||
| 100 |
_aRao, Nannapaneni Narayana _965654 |
||
| 245 | _aFundamentals of electromagnetics for engineering | ||
| 260 |
_aDELHI _bPEARSON EDUCATION ASIA _c2009 |
||
| 300 | _aXXXVI, 460P | ||
| 650 |
_aELECTROMAGNETICS.FUNDAMENTALS OF ELECTROMAGNETICS.ELECTROMAGNETICS FOR ENGINEERING _965655 |
||
| 942 |
_cBK _2ddc |
||
| 999 |
_c573805 _d573805 |
||